| 000 | 00550nam a22001817a 4500 | ||
|---|---|---|---|
| 003 | BD-DhUL | ||
| 005 | 20190218152919.0 | ||
| 008 | 190218s1991 pk ||||| |||| 000 0 urd d | ||
| 040 |
_aBD-DhUL _cBD-DhUL |
||
| 082 |
_a891.43309 _bHOF |
||
| 100 | 3 | _aفاخر حسین۔ | |
| 245 | 0 |
_aفرانسوی ادب کے آثار / _cفاخر حسین۔ |
|
| 246 | _aFransowi Adab ke Athar. | ||
| 260 |
_aلاهور : _bمیاں چیمبرز، _c۱۹۹۱۔ |
||
| 300 |
_aص۔ ۲۳۶ ؛ _c۲۲ سم۔ |
||
| 650 | 4 |
_aUrdu fiction _xpoetry. |
|
| 942 |
_2ddc _cBK |
||
| 999 |
_c246225 _d246225 |
||